Obálka
Pro půjčování e-knih musíte být přihlášeni.
Jak si půjčit online?

Nový život /

Původní mikrodesku 0 39 9860 vydal Supraphon v roce 1969 jako přílohu části nákladu knihy "Dante Alighieri Nový život", jež byla průřezem básníkova lyrického díla - nyní tento minititul v podání Vladimíra Ráže vychází poprvé samostatně a digitálně. DANTE ALIGHIERI (zřejmě 1/2 května 1265 –...

Celý popis

Uloženo v:
Hlavní autor: Alighieri, Dante (Autor)
Další autoři: Ráž, Vladimír (Autor)
Médium: E-audiokniha
Vydáno: Praha : Supraphon a.s., 2020
Tagy:
Žádné tagy
LEADER 02170nim a22003737i 4500
001 313316
007 sr nunnnnnnned
024 |a 099925108427 
044 |a xr 
100 1 |a  Alighieri, Dante  |4 aut 
245 1 0 |a Nový život /  |c  Alighieri, Dante 
264 1 |a Praha :  |b Supraphon a.s.,  |c 2020 
300 |a 1 online zdroj (13 min., 2 sek.) 
336 |a mluvené slovo  |b spw  |2 rdacontent 
337 |a audio  |b s  |2 rdamedia 
338 |a online zdroj  |b cr  |2 rdacarrier 
505 0 0 |t Kdyby nás, Guido (1 min., 29 sek.) 
505 0 0 |t Ach, Fialko (0 min., 52 sek.) 
505 0 0 |t Štěkání psů (0 min., 55 sek.) 
505 0 0 |t Do vašich rukou (1 min., 28 sek.) 
505 0 0 |t Mé myšlenky (0 min., 55 sek.) 
505 0 0 |t Smějete se mé tváři (0 min., 53 sek.) 
505 0 0 |t Když vás chci uvidět (1 min., 21 sek.) 
505 0 0 |t Kolikrát jenom (0 min., 55 sek.) 
505 0 0 |t Láska a srdce (0 min., 58 sek.) 
505 0 0 |t Lásku má ve svých očích (0 min., 58 sek.) 
505 0 0 |t Poutníci (1 min., 4 sek.) 
505 0 0 |t Až za nejvyšší sféru (1 min., 19 sek.) 
520 2 |a Původní mikrodesku 0 39 9860 vydal Supraphon v roce 1969 jako přílohu části nákladu knihy "Dante Alighieri Nový život", jež byla průřezem básníkova lyrického díla - nyní tento minititul v podání Vladimíra Ráže vychází poprvé samostatně a digitálně. DANTE ALIGHIERI (zřejmě 1/2 května 1265 – 13./14. září 1321) jeden z nejvýznamnějších italských básníků, filozof, jenž přispěl k vývoji italského jazyka a k politické filozofie. Je považován za otce spisovné italštiny, předchůdce renesance a za jednoho z nejvýznamnějších představitelů světové literatury vůbec. Jeho nejznámějším a největším dílem je Božská komedie 
700 1 |a  Ráž, Vladimír  |4 nrt 
910 |a RBIT002 
998 |d 402973  |a https://core.palmknihy.cz/api/books/402973/cover?sbz2zr  |b https://core.palmknihy.cz/api/books/402973/cover/400?sbz2zr  |c https://core.palmknihy.cz/api/books/402973/cover/50?sbz2zr  |e 2099-01-01  |i 099925108427  |l 782  |q 49  |r 1  |s https://www.palmknihy.cz/kniha/402973  |t audiobook  |y 2020  |z 1 
999 |d 313314